Education for Spiritual,Moral,Social and Culture Devlopment: (Record no. 9011)

MARC details
000 -LEADER
fixed length control field 00689nam a22001937a 4500
003 - CONTROL NUMBER IDENTIFIER
control field OSt
005 - DATE AND TIME OF LATEST TRANSACTION
control field 20240628111224.0
008 - FIXED-LENGTH DATA ELEMENTS--GENERAL INFORMATION
fixed length control field 240628b |||||||| |||| 00| 0 eng d
020 ## - INTERNATIONAL STANDARD BOOK NUMBER
International Standard Book Number 082644802X
040 ## - CATALOGING SOURCE
Original cataloging agency DDC
Transcribing agency MUST
082 ## - DEWEY DECIMAL CLASSIFICATION NUMBER
Classification number 375 EDU 2000
Item number 29
100 ## - MAIN ENTRY--PERSONAL NAME
Personal name Edited by Ron Best
9 (RLIN) 18318
245 ## - TITLE STATEMENT
Title Education for Spiritual,Moral,Social and Culture Devlopment:
Remainder of title Continuum studies in Pastral Care and Personal and Social Education /
Statement of responsibility, etc. Edited by Ron Best.
260 ## - PUBLICATION, DISTRIBUTION, ETC. (IMPRINT)
Place of publication, distribution, etc. NY:
Name of publisher, distributor, etc. Ron Best and the Contributors;
Date of publication, distribution, etc. 2000.
300 ## - PHYSICAL DESCRIPTION
Extent viii,216p.:
Other physical details ill,;
Dimensions 23.3cm.
504 ## - BIBLIOGRAPHY, ETC. NOTE
Bibliography, etc Includes Bibliographical Indexes
650 ## - SUBJECT ADDED ENTRY--TOPICAL TERM
Source of heading or term Cultural Development
Topical term or geographic name as entry element Education
9 (RLIN) 1404
942 ## - ADDED ENTRY ELEMENTS (KOHA)
Source of classification or shelving scheme Dewey Decimal Classification
Koha item type Open Shelf
Holdings
Withdrawn status Lost status Source of classification or shelving scheme Damaged status Not for loan Home library Current library Source of acquisition Inventory number Total Checkouts Full call number Barcode Date last seen Koha item type
    Dewey Decimal Classification     MUST Main Library MUST Main Library Donation 03/20476   375 EDU 2000 29 2024-21596 28/06/2024 Open Shelf